000 00518nam a2200193Ia 4500
005 20221112121352.0
008 131103s9999 xx 000 0 und d
020 _cRs.25
040 _aLoreto College
041 _aEnglish
082 _a954.63
_bDER
100 _aMadge,Elliot Walter
245 _aHenry Derozio the Eurasian post and reformer
_cElliot Walter Madge
260 _aCalcutta
_bNaya Prokash
_c1982 (2nd ed. 1967)
300 _axiv,86 p.
650 _aModern History
850 _aLCLIB
942 _cBK
999 _c9667
_d60146